| 000 | 00885am a2200337a 44500 | ||
|---|---|---|---|
| 003 | AR-BaBNM | ||
| 005 | 20251128204437.0 | ||
| 008 | 105119s1987 #AR|||||||||||000 | esp|| | ||
| 020 | _a950-13-6305-8 | ||
| 040 | _cAR-BaBNM | ||
| 100 | 1 | _aBeauverd, B. | |
| 245 | 1 | 0 | _aAntes del cálculo |
| 260 |
_aBuenos Aires _bKapelusz _c1987 |
||
| 300 |
_a107 p. _bil. |
||
| 490 | 0 | _aPedagogía práctica | |
| 600 | 1 | 4 | _aPiaget, Jean |
| 650 | 4 | _aENSEÑANZA DE LAS MATEMATICAS | |
| 650 | 4 | _aCALCULO | |
| 650 | 4 | _aMETODOS DE ENSEÑANZA | |
| 650 | 4 | _aCONCEPTOS NUMERICOS | |
| 650 | 4 | _aCONCEPTOS MATEMATICOS | |
| 650 | 4 | _aMATEMATICA MODERNA | |
| 650 | 4 | _aMATEMATICA | |
| 650 | 4 | _aFICHAS ESCOLARES | |
| 653 | _aCONSTRUCTIVISMO | ||
| 653 | _aEDUCACION PRIMARIA | ||
| 700 | 1 |
_aLópez, Alfonso _etraductor |
|
| 700 | 1 |
_aPiaget, Jean _eprologuista |
|
| 942 | _cBK | ||
| 998 | _cCarmen | ||
| 999 |
_c7447 _d7447 |
||